000 00412cam a2200169ua 4500
041 _aeng
_h
082 _a828.09
_bSCO/TH
100 _aScott-James, R A .
245 _aThomas hardy /
_cR A Scott- James.
_hTextual Documents
250 _a1 /
_b.
260 _aLondon :
_bLongman Green and Co ,
_c1965.
300 _a59 ; .
504 _a
700 1 _aDay Lewis, C .
942 _cBK
999 _c8849
_d8849